Pokémon Rivals - Statistics

General Stats
  • This quiz has been taken 82 times
  • The average score is 18 of 26
Answer Stats
Game Rival % Correct
RBY Blue
98%
SWSH Hop
91%
BW N
91%
RSE May
88%
GSC Silver
88%
SM Hau
86%
DPP Barry
80%
RSE Brendan
78%
XY Serena
77%
SM Gladion
75%
RSE Wally
75%
SWSH Bede
73%
BW Bianca
73%
XY Tierno
73%
SV Nemona
70%
SWSH Marnie
69%
BW Cheren
67%
XY Shauna
64%
XY Calem
63%
BW2 Hugh
59%
LGPE Trace
55%
XY Trevor
55%
HT Carmine
36%
HT Kieran
34%
IoA Avery
33%
IoA Klara
33%
No matching quizzes found
Score Distribution
Percent of People with Each Score
Percentile by Number Answered
Your Score History
You have not taken this quiz